Hands-on machine learning with Scikit-Learn and TensorFlow : (Record no. 148678)

MARC details
000 -LEADER
fixed length control field 00826nam a22002057a 4500
005 - DATE AND TIME OF LATEST TRANSACTION
control field 20180103113005.0
010 ## - LCCN (DPL NO)
LC control number B-685701
020 ## - INTERNATIONAL STANDARD BOOK NUMBER
International Standard Book Number 9789352135219
Terms of availability 1475.00
035 ## - SYSTEM CONTROL NUMBER
System control number B-685701
037 ## - SOURCE OF ACQUISITION
Source of stock number/acquisition Pansy Books/RP/CL
082 ## - DEWEY DECIMAL CLASSIFICATION NUMBER
Classification number 006.31
100 ## - MAIN ENTRY--PERSONAL NAME
Personal name Géron, Aurélien
245 ## - TITLE STATEMENT
Title Hands-on machine learning with Scikit-Learn and TensorFlow :
Remainder of title concepts, tools, and techniques to build intelligent systems /
Statement of responsibility, etc by Aurélien Géron
260 ## - PUBLICATION, DISTRIBUTION, ETC. (IMPRINT)
Place of publication, distribution, etc Navi Mumbai
Name of publisher, distributor, etc Shroff Publishers & Distributors
Date of publication, distribution, etc 2017(repr.)
270 ## - ADDRESS
Address C-103, TTC Industrial Area, MIDC, Pawane
City Navi Mumbai
Postal code 400703
300 ## - PHYSICAL DESCRIPTION
Extent xx,545p. :
Other physical details ill.
Dimensions 25cm(pbk)
500 ## - GENERAL NOTE
General note Includes index
942 ## - ADDED ENTRY ELEMENTS (KOHA)
Source of classification or shelving scheme Dewey Decimal Classification
Item type English Books
Classification part 006.31
Call number suffix GER
Holdings
Withdrawn status Lost status Not for loan Collection code Home library Current library Date acquired Source of acquisition Cost, normal purchase price Full call number Barcode Copy number Cost, replacement price Koha item type
      Non-fiction Central Library Central Library 02/01/2018 Pansy Books/1708/22.12.17/RP6/21.12.17/30.12.17 1475.00 006.31 GER B-685701 1 1475.00 English Books

© Delhi Public Library
Hit Counter
free hit counter